000 00555nam a2200181 a 4500
001 000041490
005 20201002034933.0
008 131008s1974 mx ao 001 0 spa d
040 _aDO-SdBNP
_bspa
_cBNPHU
082 _axxx
_bxxx
100 1 _aBergamini, David
_968182
245 1 3 _aLa tierra y la fauna de australia. /
_cDavid Bergamini.
260 _aMéxico :
_bOffset Multicolor,
_c1974.
300 _a198 p. :
_bil., fot. ;
_c28 cm.
490 1 _aNaturaleza de Time-Life
504 _aBibliografĂ­a p: 193
830 0 _aNaturaleza de Time-Life
_968183
999 _c40980
_d40980